000 00417pab a2200169 454500
008 180718b2014 xxu||||| |||| 00| 0 eng d
100 _aLokaneeta, Jinee
245 _aDefining an absence: Torture 'debate' in India
260 _c2014
300 _ap.69-76.
362 _a28 Jun
650 _aTorture - India
650 _aTorture
773 _aEconomic and Political Weekly
908 _aN
909 _a104638
999 _c104634
_d104634